Basketball legends / (Record no. 114622)
[ view plain ]
| 000 -LEADER | |
|---|---|
| fixed length control field | 00454nam a2200157 a 4500 |
| 005 - DATE AND TIME OF LATEST TRANSACTION | |
| control field | 20140414132107.0 |
| 008 - FIXED-LENGTH DATA ELEMENTS--GENERAL INFORMATION | |
| fixed length control field | 100902s19uu xx 00 eng d |
| 050 ## - LIBRARY OF CONGRESS CALL NUMBER | |
| Classification number | M 796.323 |
| Item number | W85 2009 |
| 100 ## - MAIN ENTRY--PERSONAL NAME | |
| Personal name | Woods, Mark |
| 245 ## - TITLE STATEMENT | |
| Title | Basketball legends / |
| Statement of responsibility, etc | by Mark Woods. |
| 260 ## - PUBLICATION, DISTRIBUTION, ETC. (IMPRINT) | |
| Place of publication, distribution, etc | [Pleasantville, NY] : |
| Name of publisher, distributor, etc | Gareth Stevens Pub, |
| Date of publication, distribution, etc | 2009. |
| 440 ## - SERIES STATEMENT/ADDED ENTRY--TITLE | |
| Title | Ultimate thrill sports |
| 650 ## - SUBJECT ADDED ENTRY--TOPICAL TERM | |
| Topical term or geographic name as entry element | Basketball |
| General subdivision | Juvenile literature. |
| 650 ## - SUBJECT ADDED ENTRY--TOPICAL TERM | |
| Topical term or geographic name as entry element | |
| General subdivision | |
| Withdrawn status | Lost status | Damaged status | Use restrictions | Home library | Current library | Shelving location | Date acquired | Source of acquisition | Cost, normal purchase price | Total Checkouts | Full call number | Barcode | Date last seen | Price effective from | Koha item type |
|---|---|---|---|---|---|---|---|---|---|---|---|---|---|---|---|
| Munich Library | Munich Library | Main Section | 09/02/2010 | 165.00 | M 796.323 W85 2009 | M6492 | 04/14/2014 | 04/14/2014 | Books |